Visualizzazione normale
Vista MARC
- Tintoretto,
di Personal Name
Records bibliografici associati: 1
001 - CONTROL NUMBER
- control field: 70948
003 - CONTROL NUMBER IDENTIFIER
- control field: IT-RoINE
005 - DATE AND TIME OF LATEST TRANSACTION
- control field: 20220301105441.0
008 - FIXED-LENGTH DATA ELEMENTS
- fixed length control field: 220301|| aca||aabn | a|a d
040 ## - CATALOGING SOURCE
- Original cataloging agency: IT-RoINE
- Transcribing agency: IT-RoINE
100 0# - HEADING--PERSONAL NAME
- Personal name: Tintoretto,
- Dates associated with a name: 1518-1594
400 1# - SEE FROM TRACING--PERSONAL NAME
- Personal name: Robusti, Giacomo,
- Dates associated with a name: 1518-1594
400 1# - SEE FROM TRACING--PERSONAL NAME
- Personal name: Robusti, Jacopo,
- Dates associated with a name: 1518-1594
400 1# - SEE FROM TRACING--PERSONAL NAME
- Personal name: Tintoretto, Jacopo Robusti,
- Dates associated with a name: 1518-1594
400 0# - SEE FROM TRACING--PERSONAL NAME
- Personal name: Tintoretto,
- Dates associated with a name: 1518-1594
670 ## - SOURCE DATA FOUND
- Source citation: Work cat.: (IT-RoINE)0: Con tan grande furia : , 2021